00631nam a2200229 a 4500001001300000003000900013005001700022008004100039020001200080082001300092100002000105245001600125260002600141300000900167500003500176505002400211650002000235902000800255942000700263952011400270999001700384nice12345678IN_TiNIC20260116013530.0050524s1994 lona grp 000 0 eng  ac254.600a823bFUE aFuentes, Carlos aOrange Tree aLondonbPicadorc1994 a229p aincludes index and biblioraphy2 aBibliography, Index aEnglish-Fiction bSRS cBK 001040708StackRoom-aHMIbHMId2007-06-14g254.60l0o823 FUEp017421r2007-06-14v254.60w2005-05-24yBK c11350d11350